| 000 | 00439nam a2200205Ia 4500 | ||
|---|---|---|---|
| 008 | 210210b1890 xxu||||| |||| 00| 0 eng d | ||
| 041 | _aeng | ||
| 082 | _a444/332 | ||
| 100 | _aCLARETIE (Jules) | ||
| 245 | _aLes huit jours du petit marquis | ||
| 260 |
_aParis _b- _c1890 |
||
| 650 | _apetit | ||
| 650 | _amarquis | ||
| 650 | _aLes | ||
| 650 | _ajours | ||
| 650 | _ahuit | ||
| 650 | _adu | ||
| 690 | _aFrench | ||
| 906 | _a006527 | ||
| 999 |
_c129516 _d129516 |
||